Report of the Advisory Committee on Standard Budget Research. (Record no. 37167)

MARC details
000 -LEADER
fixed length control field 00698cam a22002291 4500
001 - CONTROL NUMBER
control field l 64000099
003 - CONTROL NUMBER IDENTIFIER
control field DLC
005 - DATE AND TIME OF LATEST TRANSACTION
control field 20260227111548.0
008 - FIXED-LENGTH DATA ELEMENTS--GENERAL INFORMATION
fixed length control field 880621s1963 dcu b f000 0 eng
010 ## - LIBRARY OF CONGRESS CONTROL NUMBER
LC control number l 64000099
035 ## - SYSTEM CONTROL NUMBER
System control number (OCoLC)18397391
040 ## - CATALOGING SOURCE
Original cataloging agency DLC
Transcribing agency ICU
Modifying agency DLC
042 ## - AUTHENTICATION CODE
Authentication code premarc
050 00 - LIBRARY OF CONGRESS CALL NUMBER
Classification number HD6977
Item number .U52
110 1# - MAIN ENTRY--CORPORATE NAME
Corporate name or jurisdiction name as entry element United States.
Subordinate unit Bureau of Labor Statistics.
-- Advisory Committee on Standard Budget Research.
245 00 - TITLE STATEMENT
Title Report of the Advisory Committee on Standard Budget Research.
260 ## - PUBLICATION, DISTRIBUTION, ETC.
Place of publication, distribution, etc. Washington,
Date of publication, distribution, etc. 1963.
300 ## - PHYSICAL DESCRIPTION
Extent 26 p.
Dimensions 27 cm.
500 ## - GENERAL NOTE
General note Cover title.
504 ## - BIBLIOGRAPHY, ETC. NOTE
Bibliography, etc. note Bibliography: p. 18-26.
650 #0 - SUBJECT ADDED ENTRY--TOPICAL TERM
Topical term or geographic name entry element Cost and standard of living
General subdivision Research.

No items available.

Powered by Koha